Understanding Wall Street
Enregistré dans:
| Auteur principal: | |
|---|---|
| Autres auteurs: | |
| Format: | Livre |
| Langue: | anglais |
| Publié: |
Blue Ridge Summit
Liberty House
1987
|
| Édition: | 2. ed. |
| Tags: |
Pas de tags, Soyez le premier à ajouter un tag!
|
MARC
| LEADER | 00000nam a2200000 4500 | ||
|---|---|---|---|
| 001 | c024063 | ||
| 005 | 20221219120803.3 | ||
| 041 | 0 | |a eng | |
| 044 | |a US | ||
| 245 | 1 | 0 | |a Understanding Wall Street |c Jeffrey B. Little, Lucien Rhodes |
| 250 | |a 2. ed. | ||
| 264 | 1 | |a Blue Ridge Summit |b Liberty House |c 1987 | |
| 300 | |a 219 s. | ||
| 100 | 1 | |a Little, Jeffrey B. | |
| 700 | 1 | |a Rhodes, Lucien | |